000 00443nam a2200181Ia 4500
008 131103s9999 xx 000 0 und d
020 _a0 00 171101 6
040 _aLoreto College
041 _aEnglish
082 _aCHBK
_b#NAME?
100 _aSeuss
245 4 _aThe cat in the hat
_cSeuss
260 _aNew York
_bCollins
_c1958
300 _a62p.
_b ill.
_c 22cm.
650 _aCHBK - 1
850 _aLCBED/CHBK - 1/SEU
942 _cBK
999 _c31394
_d81873